01096 2200337 4500001002100000005001500021035002000036007000300056008004100059020002200100082001600122084001800138100003000156245013800186250003400324300005000358650002600408700003600434700002700470264004200497336002100539337003000560338002300590040002200613090002200635500001100657850001200668504003400680999002200714990002200736INLIS00000000086062220210604100917 a0010-0621000157ta210604s2021 yoia g ind d a978-623-6572-27-604223a658.403 a658.403 SRI s0 aSri KusumadewiePengarang10aSistem cerdas dan pendukung keputusan :bdecision support and intelligent system /cSri Kusumadewi, Elyza Gustri Wahyuni, Sri Mulyati aCetakan pertama : Maret 2020 axii, 166 halaman :bilustrasi, tabel ;c23 cm 4aPengambilan keputusan0 aElyza Gustri WahyuniePengarang0 aSri MulyatiePengarang31aSleman :bUII Press Yogyakarta,c2021 2rdacontentateks 2rdamediaatanpa perantara 2rdacarrieravolume aYOPDYOGbinderda aCB-D.11 2021-0246 aindeks aYOPDYOG aBibliografi : halaman 155-160 aCB-D.11/2021-0246 aCB-D.11/2021-0246